Catálogo

DIRECCION ESTRATEGICA (Registro nro. 9293)

Detalles MARC
000 -LEADER
fixed length control field 00490nam a2200181 a 4500
001 - CONTROL NUMBER
control field 9293
005 - DATE AND TIME OF LATEST TRANSACTION
control field 20180713193258.0
008 - FIXED-LENGTH DATA ELEMENTS--GENERAL INFORMATION
fixed length control field 140415s1992 000 0 spa d
041 ## - LANGUAGE CODE
Language code of text/sound track or separate title spa
082 ## - DEWEY DECIMAL CLASSIFICATION NUMBER
Classification number 658.403
Item number JAR
100 1# - MAIN ENTRY--PERSONAL NAME
Personal name JARILLO, JOSE-CARLOS
245 10 - TITLE STATEMENT
Title DIRECCION ESTRATEGICA
250 ## - EDITION STATEMENT
Edition statement 2a ed.
260 ## - PUBLICATION, DISTRIBUTION, ETC.
Place of publication, distribution, etc. [s.l.] :
Name of publisher, distributor, etc. MC GRAW HILL INTERAMERICANA DE ESPAÑA,
Date of publication, distribution, etc. 1992
300 ## - PHYSICAL DESCRIPTION
Extent 204
490 ## - SERIES STATEMENT
Series statement MCGRAW HILL DE MANAGEMENT
650 14 - SUBJECT ADDED ENTRY--TOPICAL TERM
Topical term or geographic name entry element TOMA DE DECISIONES
Existencias
Withdrawn status Lost status Source of classification or shelving scheme Damaged status Not for loan Collection code Home library Current library Shelving location Date acquired Source of acquisition Inventory number Total Checkouts Full call number Barcode Date last seen Date last checked out Price effective from Koha item type
    Dewey Decimal Classification     General Biblioteca Karol Wojtyla Biblioteca Karol Wojtyla Sala general 03/12/2013 Compra 151000000000000000014457 1 658.403 JAR 31154 05/01/2026 26/10/2018 03/12/2013 Libro
  No inventariado Dewey Decimal Classification       Biblioteca Karol Wojtyla Biblioteca Karol Wojtyla   03/12/2013 Compra     658.403 JAR 4236     03/12/2013 Libro
    Dewey Decimal Classification     General Biblioteca Karol Wojtyla Biblioteca Karol Wojtyla Sala general 03/12/2013 Compra 151000000000000000014456   658.403 JAR 23480 05/01/2026   03/12/2013 Libro